000 00655cam a22002293a 4500
001 21532
003 PGUSA
005 20140828083446.0
008 070519s2007||||xxu|||||s|||||000 | eng d
040 _aPGUSA
_beng
042 _adc
050 4 _aLD
100 1 _aShaw, Wilfred Byron,
_d1881-1959
245 1 4 _aThe University of Michigan
_h[electronic resource] /
_cWilfred Byron Shaw
260 _bProject Gutenberg,
_c2007
506 _aPublic domain in the USA.
516 _aElectronic text
653 _aUniversity of Michigan -- History
830 0 _aProject Gutenberg
_v21532
856 4 0 _uhttp://www.gutenberg.org/ebooks/21532
942 _cEB
999 _c250787
_d250787